| 000 | 00736nam a2200253#a 4500 | ||
|---|---|---|---|
| 001 | 02332 | ||
| 003 | HDC | ||
| 007 | ta | ||
| 008 | 230623s2013 xx 000 0 eng d | ||
| 020 | _a9789678604277(pbk) | ||
| 040 | _aHDC | ||
| 050 |
_aBP158 _b.F5 M899 2013 |
||
| 100 |
_aMuhamad Zuhaili Saiman _d1978-. |
||
| 245 | 0 |
_aKewangan harian kita halal @ haram / _cMuhammad Zuhaili. |
|
| 264 |
_aSelangor : _bGrup Buku Karangkaf, _c2013. |
||
| 300 |
_a280p. ; _b ill. ; _c 21cm. |
||
| 504 | _a Includes bibliographical references and index. | ||
| 650 |
_aFinance _xReligious aspects _xIslam. |
||
| 650 |
_aFinance, Personal _xReligious aspects _xIslam. |
||
| 942 | _2lcc | ||
| 942 | _cBK | ||
| 942 | _kBP158 | ||
| 942 | _m.F5 M899 2013 | ||
| 999 |
_c23891 _d23891 |
||